US State Flags by Main Color - Statistics

General Stats
  • This quiz has been taken 7 times
  • The average score is 22 of 39
Answer Stats
Hint Answer % Correct
Alaska Blue
100%
New York Blue
100%
Indiana Blue
100%
Idaho Blue
100%
Connecticut Blue
100%
South Carolina Blue
83%
New Hampshire Blue
83%
Pennsylvania Blue
83%
Maine Blue
83%
Tennessee Red
83%
California White
83%
Delaware Blue
67%
Louisiana Blue
67%
Arkansas Red
67%
Vermont Blue
50%
Kentucky Blue
50%
Kansas Blue
50%
Nebraska Blue
50%
North Dakota Blue
50%
South Dakota Blue
50%
Nevada Blue
50%
Wyoming Blue
50%
Michigan Blue
50%
Wisconsin Blue
50%
Minnesota Blue
50%
Oklahoma Blue
50%
Illinois White
50%
Massachusetts White
50%
Rhode Island White
50%
Missouri Blue
33%
Oregon Blue
33%
Arizona Blue
33%
Virginia Blue
33%
Washington Green
33%
New Mexico Yellow
33%
New Jersey Beige
17%
West Virginia White
17%
Georgia Red
0%
Iowa White
0%
No matching quizzes found
Score Distribution
Percent of People with Each Score
Percentile by Number Answered
Your Score History
You have not taken this quiz